1413 1446 1929 1745 1796 1621 1858 1192 1164 1165 1943 1036 1324 1669 1582 1800 1444 1137 1161 1212 1962 1872 1323 1310 1185 1772 1287 1012 1835 1331 1207 1412 1375 1022 1431 1495 1068 1211 1430 1878 1997 1743 1458 1896 1436 1709 1356 1294 1670 1269 1552 1494 1130 1011 1227 1174 1538 1508 1672 1288 1629 1750 1117 1717 1361 1889 1751 1533 1088 1441 1432 1539 1532 1968 1449 1311 1253 1063 1104 1158 1767 1378 1429 1398 1454 1833 1454 1858 1418 1190 1081 1946 1562 1705 1789 1132 1910 1072 1421 BCNSPRNW ULIB Ver.6.0+V

เปลี่ยนเป็นภาษาไทย

Change to English
 แสดงรายละเอียดบรรณานุกรม
  กลับหน้าหลัก

Brief Record : Get Marc (ISO 2709) : E-mail record : QR code < ปิดหน้าต่าง
LEADER : 00000nam 2200000uu 4500
001    13399127062
003     ULIB
008    020711s2560 th a 000 0 tha d
020    ^a9786162278440
060    ^aWS103^bต-ต
100    ^aตุ๊บปอง
245    ^aตุ๊กติ๊ก กับ ตุ๊บปอง เล่น..ของเล่นในบ้าน ชุด ของเล่นของพ่อ
250    ^aพิมพ์ครั้งที่ 1
260    ^aกรุงเทพฯ :^bบริษัท แปลน ฟอร์ คิดส์ จำกัด,^c2560
300    ^a23 หน้า;^b21 ซม.
650    ^aเด็ก^xการเรียนการสอน
945    ^p95^l0^i006250
999    ^aประนอม เกษจรัล
รายการนี้ยังไม่มีแท็ก
คุณยังไม่ได้ล็อกอิน คุณสามารถมีกิจกรรมร่วมกับเว็บไซต์ได้ แต่ต้องล็อกอินก่อน ::
  ล็อกอิน

รายการสื่อสารสนเทศ

ลำดับที่ ประเภท เลขเรียก/บาร์โค้ด สถานที่ สถานะ
1. วิทยาศาสตร์การแพทย์ และสุขภาพ
วิทยาศาสตร์การแพทย์ และสุขภาพ
WS103 ต-ต ฉ.1 
  Barcode: 006250
ห้องสมุดวิทยาเขตสวรรค์ประชารักษ์
►หนังสือทั่วไป
ถูกยืม กำหนดส่งวันที่ 27 ธันวาคม 2564
  จอง

รายการใกล้เคียง
    ผู้แต่ง [ตุ๊บปอง]

BibComment


ยังไม่เคยถูกคอมเมนท์

คอมเมนท์ทรัพยากรรายการนี้
  คอมเมนท์: ตุ๊กติ๊ก กับ ตุ๊..


 Copyright 2026. Bcnsprnw @Library